<?xml version="1.0" encoding="UTF-8"?>
<record
    xmlns:xsi="http://www.w3.org/2001/XMLSchema-instance"
    xsi:schemaLocation="http://www.loc.gov/MARC21/slim http://www.loc.gov/standards/marcxml/schema/MARC21slim.xsd"
    xmlns="http://www.loc.gov/MARC21/slim">

  <leader>00831nab a2200229 uc4500</leader>
  <controlfield tag="001">664976</controlfield>
  <controlfield tag="005">20240201163619.0</controlfield>
  <controlfield tag="008">010518e19970115                    eng  </controlfield>
  <datafield tag="035" ind1=" " ind2=" ">
    <subfield code="a">664976</subfield>
  </datafield>
  <datafield tag="035" ind1=" " ind2=" ">
    <subfield code="a">(OCoLC)819907970</subfield>
  </datafield>
  <datafield tag="040" ind1=" " ind2=" ">
    <subfield code="c">comduadb</subfield>
  </datafield>
  <datafield tag="041" ind1=" " ind2=" ">
    <subfield code="a">eng</subfield>
  </datafield>
  <datafield tag="100" ind1="1" ind2="0">
    <subfield code="a">Romero, J.</subfield>
    <subfield code="4">aut</subfield>
    <subfield code="e">aut</subfield>
  </datafield>
  <datafield tag="245" ind1="1" ind2="0">
    <subfield code="a">On the utility of a nuclear reaction to study nitrogen profiles in nitrided steels</subfield>
  </datafield>
  <datafield tag="650" ind1=" " ind2="7">
    <subfield code="a">Reacciones nucleares</subfield>
    <subfield code="2">lemb</subfield>
    <subfield code="9">43732</subfield>
  </datafield>
  <datafield tag="650" ind1=" " ind2=" ">
    <subfield code="a">Acero</subfield>
    <subfield code="9">828</subfield>
  </datafield>
  <datafield tag="650" ind1=" " ind2=" ">
    <subfield code="a">Ensayos no destructivos</subfield>
    <subfield code="9">15260</subfield>
  </datafield>
  <datafield tag="650" ind1=" " ind2=" ">
    <subfield code="a">An&#xE1;lisis de materiales</subfield>
    <subfield code="9">42528</subfield>
  </datafield>
  <datafield tag="650" ind1=" " ind2=" ">
    <subfield code="a">Superficies (Tecnologia)</subfield>
    <subfield code="9">20582</subfield>
  </datafield>
  <datafield tag="773" ind1="0" ind2=" ">
    <subfield code="t">Instrumentaci&#xF3;n y Desarrollo  = Instrumentation and Development (M&#xE9;xico)</subfield>
    <subfield code="g">Vol. 03, No. 07, 1997/Instrumentacion y Desarrollo (Mexico), p. 73-76</subfield>
    <subfield code="w">495014</subfield>
    <subfield code="x">0187-8549</subfield>
    <subfield code="0">121145</subfield>
  </datafield>
  <datafield tag="942" ind1=" " ind2=" ">
    <subfield code="c">ARIMP</subfield>
  </datafield>
  <datafield tag="999" ind1=" " ind2=" ">
    <subfield code="c">203115</subfield>
    <subfield code="d">203115</subfield>
  </datafield>
</record>
